000 00371nam a2200133Ia 4500
008 151001s9999||||xx |||||||||||||| ||und||
100 _aनर्मदा इंदूरखा
245 _aपर्यावरण शिक्षा
250 _a1
260 _bसंतोष साहित्य
260 _c2007
300 _a64
365 _b22
999 _c990304
_d990301